[Event "CHI-ch Absolute 2018"]
[Site "Santiago"]
[Date "2018.03.01"]
[Round "8"]
[White "Lopez Silva, Hugo"]
[Black "Abarca Gonzalez, Nicolas"]
[Result "1-0"]
[WhiteElo "2389"]
[BlackElo "2388"]
[Annotator "TA"]
[PlyCount "87"]
[EventDate "2018.??.??"]
[EventType "tourn"]
[EventCountry "CHI"]
[SourceTitle "playchess.com"]
[Source "ChessBase"]
[SourceQuality "1"]

{[%evp 26,87,63,56,113,110,114,110,113,65,79,31,64,14,25,25,141,143,140,143,136,109,125,-13,50,39,39,42,50,0,2,0,212,212,416,416,29987,957,29991,0,29987,316,1807,1052,6179,853,29976,293,29985,-259,29992,-7,29987,587,5535,-2783,1019,266,29996,-29993,77,-29996,29994,-29993]} 1. e4 c5 2. Nf3 Nc6 3. d4 cxd4 4. Nxd4 g6 5. c4 Bg7 6. Be3 Nf6 7. Nc3 Ng4 8. Qxg4 Nxd4 9. Qd1 Ne6 10. Qd2 Qa5 11. Rc1 b6 12. Bd3 Bb7 13. O-O g5 14. Rfd1 {LiveBook: 17 Games. B39: Sicilian: Maroczy Bind with 5...Bg7 and 7...Ng4} (14. a3 h5 15. b4 Qxa3 16. Nd5 Qb2 17. Rc2 Qe5 18. Ra2 h4 19. h3 Rg8 20. Rd1 Bh8 21. Be2 Bc6 {1-0 (72) Anand,V (2765)-Ljubojevic,L (2570) Monte Carlo 1997}) 14... Qe5 ({Black should try} 14... d6 $14) 15. b4 $16 d6 16. Nd5 $146 {White is better.} ({Predecessor:} 16. c5 bxc5 17. bxc5 dxc5 18. Bb5+ Kf8 19. Qd7 Rb8 20. Nd5 Bf6 21. Bd3 Kg7 22. Bxc5 Rhd8 23. Qa4 Nxc5 24. Rxc5 e6 25. Nxf6 Qxc5 26. Ng4 Bc6 {0-1 (26) Neubauer,M (2295)-Martin Del Campo C,R (2420) Paranana 1993}) 16... Kf8 17. c5 (17. f3 {keeps more tension.} Rg8 18. Bc2 h5 19. h4 f6 20. Qf2) 17... dxc5 18. bxc5 {Black must now prevent c6.} (18. Bc4 {seems wilder.} h5 19. bxc5 bxc5 20. Nc3 Bf6 21. Bxe6 fxe6 22. f3) 18... bxc5 19. Bxc5 Bxd5 20. exd5 Qxd5 (20... Nxc5 $11 {keeps the balance.} 21. Rxc5 Bf6) 21. Qb4 $1 Nxc5 22. Rxc5 a5 {Hoping for ...Qxd3.} 23. Qb6 (23. Rxd5 axb4 24. Rb5 Bf6 $11) 23... Qd8 24. Rc7 (24. Qb3 $16 a4 25. Qc2) 24... Rb8 ({Better is} 24... Bf6 $11) 25. Bc2 $40 {[%mdl 128] Black needs to defend precisely.} Qe8 26. Qxa5 Bf6 $1 27. Rc5 {Threatens to win with Ba4.} Ra8 $1 {[%cal Ra8a5]} 28. Qc7 Rxa2 $2 {[#]} (28... Kg7 $11 {and Black has nothing to worry.}) 29. h4 $1 $18 {[%cal Rh4g5][%mdl 512]} e6 $2 (29... Rxc2 30. Rxc2 Qb5 31. hxg5 Be5 32. Qd8+ Kg7 33. Qxe7 Re8) (29... gxh4 30. Rd8) 30. hxg5 Bxg5 (30... Be7 $18 31. Qe5 Rg8) 31. Bb3 (31. Rxg5 $142 Ra8 32. Qe5 Rc8 33. Qxh8+ Ke7 34. Qb2 Rd8 35. Qb4+ Kf6 36. Qh4) 31... Ra3 32. Bc2 Ra2 $1 33. Qe5 $2 (33. Rxg5 Ra8 34. Rd7 Qxd7 35. Qxd7 h6 36. Rg3 Ra1+ 37. Kh2 f6 38. Rg7 Rh1+ 39. Kxh1 h5 40. Qf7#) 33... f6 $2 (33... Rg8 34. Rc7 (34. Bxh7 Rg7 $18) 34... Ra8) 34. Qc3 Rg8 35. Bb3 (35. Rc8 $142 Ra7 36. f4 Qxc8 37. Qxc8+ Kf7 38. Rd7+ Rxd7 39. Qxd7+ Kf8 40. Bb3) 35... Ra6 36. Qg3 $2 (36. Rc8 Ra8 37. Rxe8+ Rxe8 38. f4 Bh4 39. Qc5+ Kg7 40. Qh5 Rd8 41. Qg4+ Bg5 42. Rxd8 Rxd8 43. Qxe6) 36... Qg6 $2 (36... Rg6 $18 37. Qc3 Ra8) 37. Bxe6 $4 {[%mdl 8192]} (37. Rc8+ Kg7 38. Rxg8+ Kxg8 39. Qb8+ Kg7 40. Rd7+ Qf7 41. Rxf7+ Kxf7 42. Qb7+ Kg6 43. Qxa6) 37... Rd6 $4 {[%mdl 8192]} (37... Rxe6 $19 38. Rc7 f5) 38. Ra1 $2 (38. Qxd6+ Kg7 39. Rc7+ Kh6 40. Qh2+ Bh4 41. Qxh4+ Qh5 42. Rxh7+ $1 {[%mdl 512]} Kxh7 43. Qxh5+ Kg7 44. Rd7+ Kf8 45. Qf7#) 38... Kg7 $2 {[%mdl 8192]} (38... Rxe6 $11 39. Rc7 Qe4) 39. Bb3 (39. Qxd6 $142 Kh6 40. Qh2+ Qh5 41. Qxh5+ Kxh5 42. Bxg8 Kg6 43. Ra7 Bf4 44. Bxh7+ Kh6 45. Be4) 39... f5 40. Qe3 $4 {[%mdl 8192]} (40. Ra7+ $18 Kh8 41. Rcc7) 40... f4 $4 {[%mdl 8192]} (40... Bxe3 $19 41. Rc7+ Kh8 42. Bxg8 {[#]} Bxf2+ $1 {[%mdl 512]} 43. Kf1 Qxg8) 41. Ra7+ $2 (41. Qe5+ Qf6 42. Ra7+ Kh6 43. Bxg8 Qxe5 44. Rxe5) 41... Kf8 $2 (41... Kh8 $18 42. Qe1 Re8) 42. Qg3 $4 {[%mdl 8192]} (42. Rc8+ Rd8 43. Qc5+ Ke8 44. Ba4+ Qc6 45. Bxc6#) 42... Rd1+ $2 (42... Qb1+ {mates} 43. Kh2 fxg3+ 44. Kh3 Rh6+ 45. Kxg3 Qxb3+ 46. Kg4 Bd2+ 47. Rg7 Rxg7+ 48. Kf5 Qe6#) 43. Kh2 $2 {[%mdl 8192]} (43. Bxd1 $16 fxg3 44. Rc8+ Qe8 45. Rxe8+ Kxe8 46. Bh5+ (46. Rxh7 gxf2+ 47. Kxf2 Kf8 $11) 46... Kf8 47. Rf7+ (47. Rxh7 gxf2+ 48. Kf1 Rg7 $11) 47... Ke8 48. Ra7+ (48. fxg3 Be3+ 49. Kf1 Kd8 $14) (48. Rxh7+ Kd8 $16) 48... Kf8 49. Rf7+ (49. Rxh7 gxf2+ 50. Kf1 Rg7 $11) 49... Ke8 50. Ra7+ (50. fxg3 Be3+ 51. Kf1 Kd8 $14) (50. Rxh7+ Kd8 $16)) 43... Rd6 $4 {[%mdl 8192]} (43... fxg3+ 44. Kh3 Qh5+ 45. Kxg3 Rd3+ 46. f3 Qh4#) 44. Kg1 $4 {[%mdl 40960] Precision: White = 16%, Black = 19%. . Sensor Board Error (Ke4/e5)?} (44. Rc8+ {and life is good for White.} Rd8 45. Rxd8+ Bxd8 46. Qxf4+ Qf6 47. Rf7+ Ke8 48. Qa4+ Qc6 49. Qxc6#) 1-0

[Event "CHI-ch Absolute 2018"]
[Site "Santiago"]
[Date "2018.03.01"]
[Round "8"]
[White "Llorens Sepulveda, Marcelo"]
[Black "Vergara Jofre, Felipe"]
[Result "1-0"]
[WhiteElo "2266"]
[BlackElo "2270"]
[Annotator "TA"]
[PlyCount "79"]
[EventDate "2018.??.??"]
[EventType "tourn"]
[EventCountry "CHI"]
[SourceTitle "playchess.com"]
[Source "ChessBase"]
[SourceQuality "1"]

{[%evp 15,79,0,6,-19,-11,-18,-14,-30,-7,-49,-44,-57,-40,-45,-65,-70,-44,-32,-19,-11,-15,-27,76,57,294,291,286,300,387,400,479,499,505,496,479,336,329,318,322,298,466,462,443,430,504,510,659,645,748,732,1088,1047,862,864,864,808,968,292,518,284,879,856,1412,1394,1730,1684]} 1. e4 c5 2. Nf3 d6 3. Bc4 Nf6 4. d3 Nc6 5. c3 e6 6. Bb3 Be7 7. O-O O-O 8. Re1 b5 {[%cal Bb7b5,Bb5b4][%mdl 32]} 9. Nbd2 {[%cal Bb1d2,Bd2f1,Bf1g3][%mdl 32] B50: Sicilian: 2...d6, Miscellaneous} d5 10. e5 Nd7 11. d4 {The position is equal.} b4 12. Nf1 Ba6 13. Ng3 Rc8 $146 ({Predecessor:} 13... bxc3 14. bxc3 cxd4 15. cxd4 Rc8 16. Nh5 {½-½ (64) Benjamin,J (2589)-Habu,Y (2347) Philadelphia 2003}) 14. a3 {axb4 is the strong threat.} bxc3 15. bxc3 cxd4 16. cxd4 Na5 {[%cal Bc6a5,Ba5c4,Bc4b2,Bb2d3][%mdl 32]} 17. Bc2 Qc7 18. Bb1 Qc3 (18... Rfe8 $11) 19. Bd2 $16 Qxa1 $2 {[#]} ({Better is} 19... Qc7 $14) 20. Bxh7+ $1 $18 {[%mdl 512]} Kxh7 21. Qxa1 Nc4 22. Bb4 Rfe8 23. Bxe7 Rxe7 24. Ng5+ Kg8 25. Qd1 Nb2 26. Qh5 {White wants to mate with Qh7+.} Nf8 {[%cal Bd7f8,Bf8g6,Bg6f4,Bf4d3][%mdl 32]} 27. h4 {[%cal Bh2h4,Bh4h5][%mdl 32]} Rc2 (27... Rb7 $142 28. Rb1 Rcc7) 28. Qg4 Nd3 29. Re2 Rc1+ 30. Kh2 Ng6 31. h5 Ngf4 32. Rd2 Kf8 {[#]} 33. h6 $1 gxh6 34. Nh7+ Ke8 {[#]} 35. Rxd3 $1 {[%mdl 512]} Nxd3 (35... Bxd3 36. Nf6+) 36. Qg8+ Kd7 37. Nf6+ Kc7 $2 (37... Kc6 38. Qd8 Rc7) 38. Qf8 {White is clearly winning.} Rd7 39. Nxd7 Kxd7 40. Qd6+ {Precision: White = 55%, Black = 27%.} 1-0

[Event "CHI-ch Absolute 2018"]
[Site "Santiago"]
[Date "2018.03.01"]
[Round "9"]
[White "Garcia Cardenas, Pablo"]
[Black "Barria Zuniga, Daniel"]
[Result "1/2-1/2"]
[WhiteElo "2454"]
[BlackElo "2395"]
[Annotator "TA"]
[PlyCount "24"]
[EventDate "2018.??.??"]
[EventType "tourn"]
[EventCountry "CHI"]
[SourceTitle "playchess.com"]
[Source "ChessBase"]
[SourceQuality "1"]

{[%evp 14,16,42,52,56]} 1. d4 Nf6 2. c4 e6 3. Nc3 Bb4 4. Qc2 c5 5. dxc5 Nc6 6. Nf3 O-O 7. Bg5 h6 {E39: Nimzo-Indian: Classical: 4...c5 5 dxc5 0-0} 8. Bh4 {LiveBook: 10 Games} Qa5 (8... Bxc5 9. e4 Nd4 10. Qd3 Nxf3+ 11. Qxf3 Qb6 12. O-O-O Nh7 13. Na4 Qc6 14. Nxc5 Qxc5 15. Bg3 e5 16. Rd5 Qc6 17. Bxe5 {½-½ (28) Zhang,Z (2355)-Xu,Y (2539) Shenzhen 2017}) {Find the theoretical novelty and annotate with similar games:} 9. Nd2 $146 Qxc5 10. Bxf6 gxf6 11. a3 Qa5 12. Nde4 f5 {½-½ (12) Figura,A (2342)-Reichenbach,W (2323) Berlin 2005} 1/2-1/2

[Event "CHI-ch Absolute 2018"]
[Site "Santiago"]
[Date "2018.03.02"]
[Round "9"]
[White "Abarca Gonzalez, Nicolas"]
[Black "Perez Gormaz, Matias"]
[Result "1-0"]
[WhiteElo "2388"]
[BlackElo "2410"]
[Annotator "TA"]
[PlyCount "93"]
[EventDate "2018.??.??"]
[EventType "tourn"]
[EventCountry "CHI"]
[SourceTitle "playchess.com"]
[Source "ChessBase"]
[SourceQuality "1"]

{[%evp 13,93,0,0,-91,-18,-18,-18,-18,-18,-18,-18,-10,-17,-19,-22,-27,28,16,29,9,44,5,16,0,61,-46,73,62,119,111,144,158,125,124,160,164,773,210,210,202,208,161,222,173,194,180,232,245,252,248,264,228,230,227,236,236,425,398,416,425,406,348,398,384,399,399,407,357,521,512,535,526,629,614,771,768,802,743,878,895,866,813]} 1. e4 e5 2. Nf3 Nc6 3. d4 exd4 4. Nxd4 Bb4+ 5. c3 Bc5 6. Nxc6 bxc6 {[%cal Bb7c6,Bc6d5,Bd5e4][%mdl 32]} 7. Bc4 {C45: Scotch Game} Qh4 {[%csl Gc5][%cal Rh4f2] LiveBook: 4 Games} 8. Qf3 (8. O-O $1 $11 {keeps the balance.}) 8... Nf6 $146 (8... d5 $1 $17 {[%cal Rd5c4]} 9. Be2 Nf6) ({Find the theoretical novelty and annotate with similar games:} 8... d5 9. Bd3 Nf6 10. Nd2 Ng4 11. g3 Qe7 12. Nb3 Bxf2+ 13. Kd1 Bb6 14. Kc2 Ne5 {0-1 (47) Djuraev,S (2354)-Kazhgaleyev,M (2576) Dushanbe 2013}) 9. Bf4 $11 {The position is equal.} O-O 10. O-O $1 {[#]} d5 $1 {[%mdl 512]} 11. exd5 cxd5 12. Bd3 {[#]} Ne4 $1 {[%mdl 512]} 13. Bxe4 dxe4 14. Qg3 Qh5 ({Better is} 14... Qxg3 15. hxg3 Ba6) 15. Nd2 Re8 16. Rfe1 Bb7 17. b4 $40 {[%mdl 128] White is up to no good.} ({Worse is} 17. Bxc7 Re6 $17) 17... Bf8 18. Bxc7 Re6 (18... a5 $11) 19. Nf1 (19. Qe3 $1 $14) 19... g5 (19... e3 $15 {stays ahead.} 20. Nxe3 Rg6) 20. Rad1 f5 {[#]} (20... Qg6 $14) 21. f4 $1 $16 Rg6 22. Ne3 gxf4 23. Qxf4 Bh6 {[#]} 24. Qf1 $1 {[%cal Rf1c4] Threatens to win with Qc4+.} Qf3 $2 (24... Ba6 25. c4 Rf8) 25. Nxf5 $2 (25. Qc4+ Kh8 26. Be5+ Bg7 27. Qb5) 25... Qxf1+ $18 26. Rxf1 {Ne7+ is the strong threat.} Bf8 27. Rd7 Re8 (27... Bc6 $142 28. Ne7+ Bxe7 29. Rxe7 e3) 28. Ne3 Bc6 29. Rdd1 Bh6 (29... Bb5 $142) 30. Bf4 Bg7 31. c4 Ba4 32. Rd6 Rxd6 33. Bxd6 Bd4 34. Bc5 Bb2 $2 (34... Bxe3+ 35. Bxe3 Rc8) 35. Bxa7 Ra8 36. Bc5 Bd7 37. Nd1 Bg7 38. Rf2 Be6 39. Ne3 Bh6 40. Rc2 Rc8 (40... Bxe3+ {might work better.} 41. Bxe3 Ra4) 41. Kf2 {White is clearly winning.} Bf4 42. a4 {[%cal Ba2a4,Ba4a5][%mdl 32]} Rc7 43. g3 Be5 44. a5 Bc8 45. Rd2 Bc3 46. Rd8+ Kg7 47. Bd4+ {Precision: White = 75%, Black = 31%.} 1-0

[Event "CHI-ch Absolute 2018"]
[Site "Santiago"]
[Date "2018.03.01"]
[Round "9"]
[White "Diaz Villagran, Robert"]
[Black "Llorens Sepulveda, Marcelo"]
[Result "1/2-1/2"]
[WhiteElo "2317"]
[BlackElo "2266"]
[Annotator "TA"]
[PlyCount "20"]
[EventDate "2018.??.??"]
[EventType "tourn"]
[EventCountry "CHI"]
[SourceTitle "playchess.com"]
[Source "ChessBase"]
[SourceQuality "1"]

{[%evp 16,20,33,13,62,8,18]} 1. e4 c5 2. Nf3 d6 3. c3 Nf6 4. Bd3 g6 5. Bc2 Bg7 6. h3 O-O 7. O-O Nc6 8. d4 Qc7 {B50: Sicilian: 2...d6, Miscellaneous} (8... cxd4 9. cxd4 Nb4 10. Bb3 b6 11. a3 Nc6 12. Nc3 Bb7 13. Re1 Rc8 14. Bg5 h6 15. Bh4 Na5 16. Ba2 g5 17. Bg3 Rxc3 18. bxc3 Nxe4 {1-0 (40) Bortnyk,O (2581)-Bok,B (2598) Doha 2016}) 9. Re1 {LiveBook: 4 Games} Rb8 10. Bf4 $146 (10. d5 $14) ({Predecessor:} 10. Qe2 b5 11. dxc5 dxc5 12. e5 Ne8 13. Bf4 Nd8 14. Qe3 Ne6 15. Bh6 Bb7 16. Nbd2 {0-1 (42) Diaz Villagran,R (2260)-Llorens Sepulveda,M (2297) Santiago de Chile 2014}) 10... e5 1/2-1/2

[Event "CHI-ch Absolute 2018"]
[Site "Santiago"]
[Date "2018.03.01"]
[Round "9"]
[White "Aguirre Contreras, Cristian"]
[Black "Henriquez Villagra, Cristobal"]
[Result "0-1"]
[WhiteElo "2272"]
[BlackElo "2501"]
[Annotator "TA"]
[PlyCount "61"]
[EventDate "2018.??.??"]
[EventType "tourn"]
[EventCountry "CHI"]
[SourceTitle "playchess.com"]
[Source "ChessBase"]
[SourceQuality "1"]

{[%evp 25,61,-49,-40,-69,-61,-66,-72,-89,-85,-138,-137,-144,-134,-140,-137,-157,-157,-150,-147,-147,-142,-170,-164,-189,-198,-200,-196,-302,-303,-285,-251,-325,-316,-411,-410,-396,-391,-367]} 1. e4 e5 2. Nf3 Nc6 3. Bc4 Bc5 4. c3 Nf6 5. d4 exd4 6. cxd4 Bb4+ 7. Nc3 Nxe4 8. O-O Bxc3 9. d5 Ne5 10. bxc3 Nxc4 11. Qd4 O-O 12. Qxe4 Nd6 13. Qd3 b6 {LiveBook: 3 Games. C54: Giuoco Piano: 4 c3 Nf6, main lines with 5 d4 and 5 d3} (13... Qf6 14. Re1 b6 15. Bg5 Qf5 16. Qxf5 Nxf5 17. g4 f6 18. Bf4 Nd6 19. Bxd6 cxd6 20. Nd4 Bb7 21. Nf5 {½-½ (37) Gashimov,V (2740)-Dominguez Perez,L (2713) Nice 2010}) 14. Bf4 Qf6 15. Bg3 $146 ({Find the theoretical novelty and annotate with similar games:} 15. Bg5 Qg6 16. Qxg6 hxg6 17. Be7 Re8 18. Bxd6 cxd6 19. Rfe1 Ba6 20. Re3 Rac8 21. Rae1 Rxe3 22. Rxe3 {0-1 (35) Danneel,G-Pedersen,N (2458) Gent 2002}) 15... Re8 {Black is slightly better.} 16. Rfe1 {[#] Bxd6 is the strong threat.} Bb7 17. h4 (17. c4 $142) 17... Qf5 $17 18. Qxf5 Nxf5 19. Bxc7 Bxd5 20. Nd4 Rxe1+ 21. Rxe1 Nxd4 22. cxd4 Bxa2 {[%mdl 4096] Endgame KRB-KRB} 23. Ra1 Bd5 24. Ra6 f6 25. f3 Kf7 26. Kf2 (26. Ra3 $142) 26... Ke6 $19 {Strongly threatening ...d6.} 27. Bf4 d6 28. Ke3 Bc4 29. Ra4 Kd5 30. Kd2 a5 31. Ra1 {Precision: White = 40%, Black = 98%.} 0-1

[Event "CHI-ch Absolute 2018"]
[Site "Santiago"]
[Date "2018.03.02"]
[Round "9"]
[White "Fuentes Parra, Victor Ignacio"]
[Black "Lopez Silva, Hugo"]
[Result "0-1"]
[WhiteElo "2148"]
[BlackElo "2389"]
[Annotator "TA"]
[PlyCount "109"]
[EventDate "2018.??.??"]
[EventType "tourn"]
[EventCountry "CHI"]
[SourceTitle "playchess.com"]
[Source "ChessBase"]
[SourceQuality "1"]

{[%evp 13,109,0,-5,-33,-20,-45,-35,-179,-168,-160,-103,-118,-108,-106,-101,-104,-102,-102,-102,-102,-103,-120,-119,-125,-117,-135,-133,-132,-129,-134,-133,-133,-140,-133,-131,-160,-151,-152,-154,-151,-148,-156,-148,-181,-175,-213,-158,-280,-280,-275,-268,-464,-453,-595,-589,-577,-577,-553,-502,-683,-683,-672,-672,-510,-406,-376,-373,-710,-707,-756,-682,-2991,-2432,-6617,-5816,-29969,-11018,-29974,-29972,-29972,-29973,-29979,-29980,-29980,-29981,-29981,-29980,-29980,-29979,-29979,-29980,-29980,-29981,-29981,-29982,-29982,-29983,-29993]} 1. Nf3 Nf6 2. b3 g6 3. Bb2 Bg7 4. e3 c5 5. d4 cxd4 6. exd4 O-O {A48: 1 d4 Nf6 2 Nf3 g6: Torre, London and Colle Systems} (6... d5 7. Bd3 Nc6 8. a3 O-O 9. Nbd2 Bf5 10. Bxf5 gxf5 11. O-O Ne4 12. Re1 e6 13. Nf1 Rc8 14. Ng3 {0-1 (71) Maghsoodloo,P (2584)-Pantsulaia,L (2607) Doha 2016}) 7. Nbd2 Nc6 {LiveBook: 5 Games} 8. c4 d5 {Black is slightly better.} 9. Bd3 Nh5 {[%cal Bf6h5,Bh5f4,Bf4e2][%mdl 32]} 10. Bb1 $146 (10. cxd5 $15 Nb4 11. Bb1) ({Find the theoretical novelty and annotate with similar games:} 10. cxd5 Nb4 11. Bb1 {0-1 (50) Presa,L (1739)-Trombini,F (1940) Sao Paulo 2016}) 10... Nf4 $19 11. O-O {[#]} dxc4 (11... Bg4 $142 $1 {...Nxd4! is the strong threat.} 12. Qe1 dxc4) 12. Nxc4 $17 {[#]} Nxd4 $1 {[%mdl 512]} 13. Nxd4 (13. Bxd4 Bxd4) 13... Bxd4 14. Bxd4 Qxd4 15. Qxd4 Ne2+ 16. Kh1 Nxd4 17. Re1 Be6 18. Be4 Rab8 19. Na5 b6 20. Rad1 Rfd8 21. Nc6 Nxc6 22. Bxc6 Rbc8 23. Be4 a5 24. g3 b5 25. Kg2 Rxd1 26. Rxd1 {[%mdl 4096] Endgame KRB-KRB} Kg7 27. Rd2 Kf6 28. Bb7 Rc5 29. Be4 Rc3 30. f3 (30. Rd3 $17 b4 31. Rd2) 30... a4 $19 31. bxa4 bxa4 {[%cal Bb5a4,Ba4a3][%mdl 32]} 32. Re2 $2 (32. g4 {was necessary.}) 32... Rc1 33. Rb2 Ra1 34. Bb1 a3 35. Rb6 Kg7 36. f4 Bxa2 37. Bxa2 Rxa2+ {KR-KR} 38. Kh3 Rb2 39. Ra6 a2 40. Ra7 $2 (40. g4) 40... h5 41. Ra5 f6 {[%cal Bf7f6,Bf6e5][%mdl 32]} 42. Ra6 e5 43. fxe5 fxe5 44. g4 e4 45. Kg3 e3 {Black mates.} 46. Ra7+ Kh6 47. Kf4 g5+ 48. Kxe3 hxg4 49. Ra6+ Kg7 50. Ra5 Kf6 51. Ra6+ Ke7 52. Ra7+ Kd6 53. Ra6+ Kc7 54. Ra7+ Kb6 55. Kd4 {Precision: White = 25%, Black = 80%.} 0-1

[Event "CHI-ch Absolute 2018"]
[Site "Santiago"]
[Date "2018.03.03"]
[Round "10"]
[White "Henriquez Villagra, Cristobal"]
[Black "Vergara Jofre, Felipe"]
[Result "1-0"]
[WhiteElo "2501"]
[BlackElo "2270"]
[Annotator "TA"]
[PlyCount "73"]
[EventDate "2018.??.??"]
[EventType "tourn"]
[EventCountry "CHI"]
[SourceTitle "playchess.com"]
[Source "ChessBase"]
[SourceQuality "1"]

{[%evp 23,73,19,76,74,77,85,77,79,102,102,102,111,110,115,103,105,88,97,118,66,75,69,79,50,70,78,71,0,67,56,59,26,26,26,26,26,197,197,197,197,197,197,197,197,422,406,399,396,852,1081,1181,912]} 1. e4 c5 2. Nf3 d6 3. Bb5+ Nc6 4. O-O Bd7 5. Re1 Nf6 6. c3 a6 7. Bf1 Bg4 8. d4 cxd4 9. cxd4 d5 10. exd5 {B51: Sicilian: Moscow Variation (3 Bb5+) without 3...Bd7} Nxd5 11. Nc3 e6 12. h3 Bh5 {LiveBook: 5 Games} (12... Bxf3 $1 $11 13. Qxf3 Bb4) 13. Nxd5 $16 Qxd5 14. g4 $1 {[%cal Rg4h5]} Bg6 15. Bg2 Rd8 16. Bg5 {Black must now prevent Ne5.} f6 {[#]} 17. Ne5 $146 Qxd4 18. Nxc6 Qxd1 19. Raxd1 Rxd1 20. Rxd1 bxc6 21. Bf4 (21. Bxc6+ $16 Kf7 22. Rd7+ Be7 23. Be3) 21... Be7 $14 22. Bxc6+ Kf7 23. Bb7 Bc2 24. Rd2 Bb1 25. a4 (25. a3 $1 $16) 25... e5 (25... a5 $1 $11) 26. Be3 a5 $1 27. Bd5+ (27. Rd5 $5 {[%cal Rd5a5]}) 27... Kg6 28. Bb6 Bb4 29. Rd1 Rb8 $2 {[#]} (29... Bc2 $11 {and Black has nothing to worry.} 30. Rc1 Bxa4) 30. Ba7 $1 $18 {[%cal Ra7b8]} Bc2 {[#]} 31. Be4+ $1 {[%mdl 512]} Bxe4 32. Bxb8 {KRB-KB} Bc2 {[#]} 33. Rd8 $1 h5 $2 (33... Bxa4 {was worth a try.} 34. Bd6 Bc2 35. Bxb4 axb4) 34. gxh5+ Kxh5 35. Bd6 Bxd6 $2 (35... Bd2 36. Bxe5 Bh6) 36. Rxd6 Bxa4 37. Rd5 {Precision: White = 84%, Black = 45%.} 1-0

[Event "CHI-ch Absolute 2018"]
[Site "Santiago"]
[Date "2018.03.03"]
[Round "10"]
[White "Perez Gormaz, Matias"]
[Black "Fuentes Parra, Victor Ignacio"]
[Result "1-0"]
[WhiteElo "2410"]
[BlackElo "2148"]
[Annotator "TA"]
[PlyCount "79"]
[EventDate "2018.??.??"]
[EventType "tourn"]
[EventCountry "CHI"]
[SourceTitle "playchess.com"]
[Source "ChessBase"]
[SourceQuality "1"]

{[%evp 12,79,43,47,64,65,66,47,45,43,36,33,42,37,69,39,45,29,104,109,115,20,133,55,177,193,234,191,192,186,184,170,199,191,247,206,229,171,199,183,311,324,374,385,473,477,454,425,1147,1156,1105,1122,1033,1096,2291,2285,2677,2718,2636,2532,2425,2362,2108,1616,29991,5722,5954,1716,1700,1597]} 1. Nf3 f5 2. g3 Nf6 3. Bg2 e6 4. O-O Be7 5. c4 O-O 6. b3 d5 7. Bb2 {LiveBook: 38 Games} c5 {A10: English Opening: Unusual Replies for Black} 8. cxd5 exd5 9. d4 b6 {White is slightly better.} 10. Nc3 {[%cal Bb1c3,Bc3e2,Be2f4][%mdl 32]} Bb7 11. e3 Ne4 $146 ({Predecessor:} 11... Nc6 12. dxc5 bxc5 {1-0 (20) Csom,I (2510)-Halasz,T Budapest 1979}) 12. Ne2 $36 {[%mdl 2048] White is pushing.} c4 13. Rc1 b5 14. Nf4 {Strongly threatening Ne6.} Qa5 (14... Qc8 $11) 15. bxc4 $16 dxc4 16. a4 (16. Ne6 $16) 16... Qb4 (16... Qxa4 $11 {remains equal.} 17. Qxa4 bxa4) 17. Ba1 ({White should try} 17. Qe2 $16) 17... a6 (17... Qxa4 $14 18. Qxa4 bxa4) 18. Ne5 Nc6 19. Rb1 Qd6 {[#]} 20. Nxc4 $1 {[%mdl 512]} bxc4 21. Rxb7 {Bxe4 is the strong threat.} Na5 22. Rb1 Bg5 (22... Nb3 $142 23. Bxe4 fxe4) 23. Qc2 Rfe8 24. Rfe1 Rac8 25. f3 {[%cal Bf2f3,Bf3e4,Be4e5][%mdl 32]} Bxf4 (25... Nf6 $142 26. Qxf5 Bxf4) 26. fxe4 $18 (26. gxf4 Nf6 $16) 26... Bh6 {and the idea ...fxe4 leaves Black hopeful.} 27. e5 Qa3 28. Bc3 Nb3 29. Qxf5 Qxa4 (29... Nc5 $142 30. Bb4 (30. dxc5 Qxc3 31. e6 g6 $18) 30... Qd3) 30. Bd5+ Kh8 31. Be4 {[%csl Ge4][%cal Rf5h7]} g6 32. Qh3 Kg7 33. d5 Bg5 34. e6+ Bf6 35. Bxf6+ Kxf6 36. Qxh7 {Threatening mate with Qf7+.} Ke5 37. Qxg6 Nd2 {[#]} 38. Qf5+ (38. e7 $142 $1 Qd7 (38... Rxe7 39. Qf5+) 39. Rb6 Rc6 40. Rxc6 Qxc6 41. Qf5+ Kd6 42. Qe6+ Kc7 43. Qxc6+ Kb8 {[#]} 44. Rb1+ $1 {[%mdl 512]} Nb3 45. Qb6+ Kc8 46. Bf5#) 38... Kd6 39. Bc2 Rf8 {[#]} 40. Qxf8+ $3 {[%mdl 512] Precision: White = 57%, Black = 32%.} 1-0

[Event "CHI-ch Absolute 2018"]
[Site "Santiago"]
[Date "2018.03.02"]
[Round "10"]
[White "Barria Zuniga, Daniel"]
[Black "Abarca Gonzalez, Nicolas"]
[Result "1-0"]
[WhiteElo "2395"]
[BlackElo "2388"]
[Annotator "TA"]
[PlyCount "39"]
[EventDate "2018.??.??"]
[EventType "tourn"]
[EventCountry "CHI"]
[SourceTitle "playchess.com"]
[Source "ChessBase"]
[SourceQuality "1"]

{[%evp 15,39,11,6,-8,0,0,-3,-6,-7,-10,122,147,138,141,138,134,137,131,119,128,176,55,39,0,45,16]} 1. Nf3 Nf6 2. c4 e6 3. g3 b6 4. Bg2 Bb7 5. d4 Bb4+ 6. Bd2 c5 7. O-O O-O 8. a3 {E16: Queen's Indian: 4 g3 Bb7 5 Bg2 Bb4+} (8. Bxb4 cxb4 9. Qd3 d6 10. Nbd2 Qe7 11. e4 e5 12. Ne1 Nc6 13. Nc2 a5 14. Rfe1 Rfe8 15. Rad1 Nd7 16. Nf1 Red8 17. Nfe3 g6 18. b3 Nxd4 19. Nxd4 exd4 20. Qxd4 {½-½ (45) Ding,L (2777)-Ponkratov,P (2613) Riadh 2017}) 8... Bxd2 {LiveBook: 5 Games} 9. Qxd2 Nc6 10. dxc5 $146 {The position is equal.} ({Find the theoretical novelty and annotate with similar games:} 10. b4 Rc8 11. d5 Ne7 12. dxe6 fxe6 13. Nc3 Nf5 14. b5 Qe7 15. Nh4 {½-½ (15) Tyomkin,D (2450)-Finkel,A (2505) Beersheba 1997}) 10... bxc5 11. Nc3 Na5 {...Nb3 is the strong threat.} 12. Qf4 Ba6 {[#]} (12... Qb8 $11 {remains equal.}) 13. b4 $1 $16 {[%cal Rb4a5]} Nxc4 14. b5 Bxb5 15. Nxb5 d5 16. Rfc1 Rb8 17. Nc3 ({Reject} 17. Nxa7 $6 Qd7 $11) 17... Rb3 18. Ne5 (18. e4 $18) 18... Nh5 $14 19. Qg4 Nxe5 20. Qxh5 {[%mdl 32768] Precision: White = 59%, Black = 48%. . Loss on Time!?} 1-0